000 01107 a2200217 4500
005 20080912125455.0
008 080912t xxu||||| |||| 00| 0 hin d
010 _aHIN-80754
020 _a8189327399
_c150.00
035 _aHN-53100
037 _bD.B.Act / pub
082 _a820.8
100 _aबैजनाथ प्रसाद
245 _aभक्ति आंदोलन और आचार्य रामचंद्र शुक्ल
_cबैजनाथ प्रसाद
246 _aBhakti Andolan aur Aacharya Ramchand Shukla
_bby Bajnath Prasad
260 _aपटना
_bविशाल पब्लिकेशंन
_c2006
270 _aकैलाश मार्केट, दरियापुर,पटना
_bपटना
_e800004
300 _ax,96पृ
_c22 सेमी (सजिल्द)
942 _adpl
_cHN
_k820.8 / बैजना
_2ddc
_h820.8
_mबैजना
999 _c7017
_d7017